000 02237nam a22004094i 4500
003 PE-LiUPU
005 20250731183414.0
008 190110s2002 sp a rb 000 0 spa d
020 _a8477389985
020 _a9788477389989
035 _a(Sirsi) a251349
040 _aSUE
_bspa
_cSUE
_dPE-LiUPU
_erda
049 _aPRUA
082 0 4 _a796.01
_bP8
_221
245 0 3 _aEl psicólogo del deporte :
_basesoramiento e intervención /
_ceditor Joaquín Dosil.
264 1 _aMadrid :
_bSíntesis,
_c2002.
300 _a494 páginas :
_bilustraciones ;
_c23 centímetros
336 _atext
_2rdacontent
337 _aunmediated
_2rdamedia
338 _avolume
_2rdacarrier
490 0 _aLetras universitarias
504 _aBibliografía: páginas 461-494.
505 0 _aContextualización de la psicología aplicada al deporte -- aplicaciones de la psicología del deporte en España -- el área profsional de la psicología del deporte -- evaluación en psicología del deporte -- psicología clínica del deporte -- preparación psicológica en diferentes deportes -- la psicología del fútbol -- intervención psicológica en equipos de baloncesto -- psicología para los entrenamientos y competiciones de voleibol -- entrenamiento psicológico aplicado al remo de competición -- entrenamiento psicológico en atletismo en judo -- preparación psicológica para el motociclismo de velocidad -- intervención psicológica en tiro con arco -- aspectos psicológicos del golf - el psicólogo del deporte en el ciclismo -- psicología aplicada a la natación -- la práctica de la vela y la psicología del deporte.
526 _aP158
526 _aP146
526 _aP17
526 _aP12
526 _aP06
541 _g002-00000795;
650 0 4 _aDeportes
_xAspectos psicológicos.
700 1 _aDosil Díaz, Joaquín,
_eeditor.
910 _adbm
_bksl
_cksl
_d20190110
942 _2ddc
_cBOOK
994 _aC0
_bPEPRU
596 _a1
999 _a796.01 P8
_wDEWEY
_c30766
_i79788
_f2021-11-4
_g5
_lCCODEBUL1
_mBUL
_p49.94
_r0
_sY
_tBOOK
_u2019-1-10
_xSALUD
_zP33
_0COMPRA
_1FCOMPR2
_o.STAFF. Colección Ciencias de la Salud
_d30766
980 _81
_gALBERTO SANCHEZ Responsable de Automatización